ბათუმის შოთა რუსთაველის სახელმწიფო უნივერსიტეტის ბიბლიოთეკა

პაწაწინა რტო ვარ (ბიბ.ჩანაწერი № 42130)

000 -LEADER
fixed length control field 00791nam a2200229Ia 4500
001 - CONTROL NUMBER
control field 8822
003 - CONTROL NUMBER IDENTIFIER
control field GE_BSU
008 - FIXED-LENGTH DATA ELEMENTS--GENERAL INFORMATION
fixed length control field 181216s||||||||xx |||||||||||||| ||und||
040 ## - CATALOGING SOURCE
Transcribing agency GE_BSU
080 ## - UNIVERSAL DECIMAL CLASSIFICATION NUMBER
Universal Decimal Classification number 82-93
100 ## - MAIN ENTRY--PERSONAL NAME
Personal name კალანდაძე, ანა
245 ## - TITLE STATEMENT
Title პაწაწინა რტო ვარ
245 ## - TITLE STATEMENT
Remainder of title ლექსები.უმცრ.სასკოლო ასაკის ბავშთათვის
245 ## - TITLE STATEMENT
Statement of responsibility, etc. რედ:შ.დარახველიძე;მხატვ:გ.ღლონტი
260 ## - PUBLICATION, DISTRIBUTION, ETC.
Place of publication, distribution, etc. თბილისი
260 ## - PUBLICATION, DISTRIBUTION, ETC.
Name of publisher, distributor, etc. ნაკადული
260 ## - PUBLICATION, DISTRIBUTION, ETC.
Date of publication, distribution, etc. 1973
300 ## - PHYSICAL DESCRIPTION
Extent 38გვ,17სმ.ილ.
653 ## - INDEX TERM--UNCONTROLLED
Uncontrolled term ლექსები
653 ## - INDEX TERM--UNCONTROLLED
Uncontrolled term პაწაწინა რტო ვარ
942 ## - ADDED ENTRY ELEMENTS (KOHA)
Koha item type წიგნი
ეგზემპლარები
Withdrawn status Lost status Damaged status Not for loan Date acquired Barcode Date last seen Price effective from Koha item type
        2018-12-17 31289 2018-12-17 2018-12-17 წიგნი